书目信息 |
| 题名: |
中共党史百题解答
|
|
| 作者: | ;中共江西省委党校党史教研室 编 | |
| 分册: | ||
| 出版信息: | 南昌 江西人民出版社 1983 |
|
| 页数: | 446页 | |
| 开本: | 21cm | |
| 丛书名: | ||
| 单 册: | ||
| 中图分类: | D239 , D230 | |
| 科图分类: | ||
| 主题词: | 党史-中国共产党--基本知识 , 中国共产党 | |
| 电子资源: | ||
| ISBN: | ||
| 000 | 00849nam0 2200289 45 | |
| 001 | 0183005701 | |
| 005 | 20040426162714.4 | |
| 010 | @dCNY1.30 | |
| 091 | @a3110.92 | |
| 100 | @a19950619d1983 em y0chiy0121 ea | |
| 101 | 0 | @achi |
| 102 | @aCN@b360000 | |
| 105 | @ay z 000yy | |
| 106 | @ar | |
| 200 | 10 | @a中共党史百题解答@Azhong gong dang shi bai ti jie da@f中共江西省委党校党史教研室编 |
| 205 | @a3版(增订本) | |
| 210 | @a南昌@c江西人民出版社@d1983 | |
| 215 | @a446页@d21cm | |
| 601 | 02 | @a中国共产党@x党史@x基本知识 |
| 606 | @a党史-中国共产党@x基本知识 | |
| 606 | 0 | @a中国共产党 |
| 690 | @aD239@v3 | |
| 690 | @aD230 | |
| 711 | 02 | @a中共江西省委党校党史教研室@Azhong gong jiang xi sheng wei dang xiao dang shi jiao yan shi@4编 |
| 801 | 0 | @aCN@b上海图书馆@c20040426 |
| 801 | 2 | @aCN@bNLC@c20040426 |
| 905 | @f1@b112749@dD230@e19 | |
| 中共党史百题解答/中共江西省委党校党史教研室编.-3版(增订本).-南昌:江西人民出版社,1983 |
| 446页;21cm |
| ISBN :CNY1.30 |
| ● |
| 相关链接 |
|
|
|
|
正题名:中共党史百题解答
索取号:D230/19
 
预约/预借
| 序号 | 登录号 | 条形码 | 馆藏地/架位号 | 状态 | 备注 |
| 1 | 0050314 | 000378031 | 密集书库/ [索取号:D230/19] | 在馆 | |
| 2 | 0050318 | 000378040 | 密集书库/ [索取号:D230/19] | 在馆 | |
| 3 | 0050322 | 000378059 | 密集书库/ [索取号:D230/19] | 在馆 | |
| 4 | 0112749 | 000378077 | 密集书库/ [索取号:D230/19] | 在馆 |